| 000 | 01023nam a2200253Ia 4500 | ||
|---|---|---|---|
| 003 | OSt | ||
| 005 | 20221005113228.0 | ||
| 006 | a|||||r|||| 00| 0 | ||
| 007 | ta | ||
| 008 | 221004b |||||||| |||| 00| 0 pan d | ||
| 020 |
_a9789387276970 (hbk) _cINR 220.00 |
||
| 024 | _a65439 | ||
| 037 |
_bSP/5334, 28/01/2020, Star Publications Pvt. Ltd. _cTextual |
||
| 040 |
_aCRL _cCRL _bpan |
||
| 041 |
_2pan _apan |
||
| 082 | _aY73(P153):351, 153Q9 | ||
| 100 | _aਸੋਹਲ, ਸਰਬਜੀਤ ਕੌਰ, ਥਦ. | ||
| 245 | 0 | _aਪੰਜਾਬੀ ਲੋਕਧਾਰਾ ਅਤੇ ਸਭਿਆਚਾਰ ਵਰਤਮਾਨ ਚੁਣੌਤੀਆਂ | |
| 260 |
_aਪਟਿਆਲਾ _bਗ੍ਰੇFਿਅਸ ਪਬਲਿFਰਗ਼ ਭਾਰਤ _c2019 |
||
| 300 |
_a154ਪ੍ਰ0 _ccm. |
||
| 650 | _aਸਭਿਆਚਾਰ | ||
| 942 |
_hY73(P153):351, 153Q9 _cTEXL _2cc |
||
| 999 |
_c1027473 _d1027473 |
||